East Midlands Surveyor (Record no. 118955)

MARC details
000 -LEADER
fixed length control field 00574cas a22001935a 4500
001 - CONTROL NUMBER
control field L138271
008 - FIXED-LENGTH DATA ELEMENTS--GENERAL INFORMATION
fixed length control field 070525c xxkqr p 0 a0eng u
035 ## - SYSTEM CONTROL NUMBER
System control number (Sirsi) u138271
041 0# - LANGUAGE CODE
Language code of text/sound track or separate title eng
110 2# - MAIN ENTRY--CORPORATE NAME
Corporate name or jurisdiction name as entry element Royal Institution of Chartered Surveyors
Subordinate unit Nottinghamshire and Derbyshire Branch
9 (RLIN) 3397
245 00 - TITLE STATEMENT
Title East Midlands Surveyor
260 ## - PUBLICATION, DISTRIBUTION, ETC.
Place of publication, distribution, etc. S.l.
Name of publisher, distributor, etc. RICS
Date of publication, distribution, etc. 199[?]-
362 0# - DATES OF PUBLICATION AND/OR SEQUENTIAL DESIGNATION
Dates of publication and/or sequential designation March 1993-10 October 1994
554 ## -
-- Four per year
651 #4 - SUBJECT ADDED ENTRY--GEOGRAPHIC NAME
Geographic name NOTTINGHAMSHIRE
651 #4 - SUBJECT ADDED ENTRY--GEOGRAPHIC NAME
Geographic name DERBYSHIRE
690 ## - LOCAL SUBJECT ADDED ENTRY--TOPICAL TERM (OCLC, RLIN)
Topical term or geographic name as entry element MANAGEMENT-BUSINESS MANAGEMENT-PROFESSIONAL PRACTICE
942 ## - ADDED ENTRY ELEMENTS (KOHA)
Suppress in OPAC 0
Holdings
Withdrawn status Lost status Source of classification or shelving scheme Damaged status Not for loan Home library Current library Shelving location Date acquired Total Checkouts Full call number Barcode Date last seen Price effective from Koha item type
    Dewey Decimal Classification     London London Basement 25/05/2007   EAST MIDLANDS SURVEYOR 138271-1001 06/08/2019 06/08/2019 Journal